Games and athletics for tropical schools : (Record no. 8140)
[ view plain ]
| 000 -LEADER | |
|---|---|
| fixed length control field | 00643nam a22002052 4500 |
| 001 - CONTROL NUMBER | |
| JCCL Control Number | 8140 |
| 003 - CONTROL NUMBER IDENTIFIER | |
| JCCL marc code | BD - JhCC |
| 005 - DATE AND TIME OF LATEST TRANSACTION | |
| control field | 20180218201810.0 |
| 008 - FIXED-LENGTH DATA ELEMENTS--GENERAL INFORMATION | |
| fixed length control field | 741222s1962 xxk 000 0 eng d |
| 035 ## - SYSTEM CONTROL NUMBER | |
| system control number | (BD - JhCC)8140 |
| 040 ## - CATALOGING SOURCE | |
| Original cataloging agency | UKM |
| Transcribing agency | UKM |
| Modifying agency | EQO |
| -- | BD - JhCC |
| 041 ## - LANGUAGE CODE | |
| Language code of Book | eng |
| 082 04 - DEWEY DECIMAL CLASSIFICATION NUMBER | |
| Classification number | 613.7 |
| DDC Edition number | 18 |
| Author mark and Year | REI 1962 |
| 100 1# - MAIN ENTRY--PERSONAL NAME | |
| Personal name | Reid, M. M. |
| 245 10 - TITLE STATEMENT | |
| Title | Games and athletics for tropical schools : |
| Remainder of title | a collection of games and athletic practices with suggestions for their use, for the nonnon-specialist teacher. |
| 260 ## - PUBLICATION, DISTRIBUTION, ETC. (IMPRINT) | |
| Name of publisher, distributor, etc | Macmillan; St. Martins' Press, |
| Date of publication, distribution, etc | 1962. |
| 300 ## - PHYSICAL DESCRIPTION | |
| Pagination | 94 p. : |
| Other physical details | ill. ; |
| Dimensions | 24 cm. |
| 942 ## - ADDED ENTRY ELEMENTS (KOHA) | |
| Source of classification or shelving scheme | Dewey Decimal Classification |
| Koha item type | Books |
| Source of classification or shelving scheme | Damaged status | Not for loan | Home library | Current library | Shelving location | Total Checkouts | Full call number | Barcode | Date last seen | Copy number | Koha item type |
|---|---|---|---|---|---|---|---|---|---|---|---|
| Dewey Decimal Classification | JCC Rouf Library | JCC Rouf Library | General Stacks | 613.7 REI 1962 | 10722 | 02/18/2018 | C - 1 | Books |